Catálogo
 En Linea

Pueyrredón y las Heras y adyacencias : (Registro nro. 21746)

Detalles MARC
000 -CABECERA
campo de control de longitud fija 00771nam a2200217 a 4500
001 - NÚMERO DE CONTROL
campo de control 000022248
005 - FECHA Y HORA DE LA ÚLTIMA TRANSACCIÓN
campo de control 20200930011641.0
008 - DATOS DE LONGITUD FIJA--INFORMACIÓN GENERAL
campo de control de longitud fija 100920s2005 ag r 000 p spa d
020 ## - NÚMERO INTERNACIONAL ESTÁNDAR DEL LIBRO
Número Internacional Estándar del Libro 9874396341
040 ## - FUENTE DE LA CATALOGACIÓN
Centro catalogador/agencia de origen DO-SdBNP
Lengua de catalogación spa
Centro/agencia transcriptor BNPHU
082 ## - NÚMERO DE LA CLASIFICACIÓN DECIMAL DEWEY
Número de clasificación A861.5
Número de documento/Ítem R763p
049 ## - FONDOS LOCALES (OCLC)
Fondos de biblioteca BNGR
100 1# - ENTRADA PRINCIPAL--NOMBRE DE PERSONA
Nombre de persona Romero Sosa, Carlos María
9 (RLIN) 46005
245 10 - MENCIÓN DE TÍTULO
Título Pueyrredón y las Heras y adyacencias :
Resto del título en tono menor /
Mención de responsabilidad, etc. Carlos María Romero Sosa ; prólogo de Hipólito Paz.
260 ## - PUBLICACIÓN, DISTRIBUCIÓN, ETC.
Lugar de publicación, distribución, etc. Buenos Aires :
Nombre del editor, distribuidor, etc. Ateneo Popular de la Boca,
Fecha de publicación, distribución, etc. 2005.
300 ## - DESCRIPCIÓN FÍSICA
Extensión 81, [4] p. ;
Dimensiones 20 cm.
590 ## - NOTA LOCAL (RLIN)
Nota local La biblioteca posee un ejemplar autografiado por el autor.
650 #4 - PUNTO DE ACCESO ADICIONAL DE MATERIA--TÉRMINO DE MATERIA
Término de materia o nombre geográfico como elemento de entrada Poesía argentina
9 (RLIN) 3859
650 #4 - PUNTO DE ACCESO ADICIONAL DE MATERIA--TÉRMINO DE MATERIA
Término de materia o nombre geográfico como elemento de entrada Literatura argentina
Subdivisión cronológica SIGLO XXI
9 (RLIN) 3753
700 1# - PUNTO DE ACCESO ADICIONAL--NOMBRE DE PERSONA
Nombre de persona Paz, Hipólito
Término indicativo de función/relación pról.
9 (RLIN) 46006

No hay ítems disponibles.

Con tecnología Koha